LIBRARY & INFORMATION CENTRE, KCAET, TAVANUR

ONLINE PUBLIC ACCESS CATALOGUE (OPAC)

Profession at teaching / (Record no. 11626)

MARC details
000 -LEADER
fixed length control field 00385cam a2200157ua 4500
041 ## - LANGUAGE CODE
Language code of text/sound track or separate title eng
082 ## - DEWEY DECIMAL CLASSIFICATION NUMBER
Classification number 371.102
Item number STI/PR
100 ## - MAIN ENTRY--AUTHOR NAME
Personal name Stinnet, T.M .
245 ## - TITLE STATEMENT
Title Profession at teaching /
260 ## - PUBLICATION, DISTRIBUTION, ETC. (IMPRINT)
Place of publication India :
Name of publisher Prentice hall ,
Year of publication 1965.
300 ## - PHYSICAL DESCRIPTION
Number of Pages 118 ; .

No items available.

free website counter